Η δημοκρατία ενάντια στον καπιταλισμό : για μια ανανέωση του ιστορικού υλισμού

Αποθηκεύτηκε σε:
Λεπτομέρειες βιβλιογραφικής εγγραφής
Κύριος συγγραφέας: Wood, Ellen Meiksins
Άλλοι συγγραφείς: Οικονόμου, Απόστολος (Μεταφραστής)
Μορφή: Βιβλίο
Γλώσσα:Greek
English
Δημοσίευση: Αθήνα : Στάχυ, 1998.
Σειρά:Κοινωνικές επιστήμες (Σαββάλας) ; 14
Θέματα:
Ετικέτες: Προσθήκη ετικέτας
Δεν υπάρχουν, Καταχωρήστε ετικέτα πρώτοι!

MARC

LEADER 00000cam a2200000 i 4500
001 1/43147
008 031024s1998 gr | ||| |||| ||gre||
020 |a 960715181X 
035 |l 10071297 
040 |a GR-MyUA  |b gre  |e AACR2 
041 1 |a gre  |h eng 
082 0 |a 355.4  |2 (21) 
100 1 |a Wood, Ellen Meiksins. 
245 1 2 |a Η δημοκρατία ενάντια στον καπιταλισμό :   |b για μια ανανέωση του ιστορικού υλισμού /   |c Έλεν Μέικσινς Γουντ ; μετάφραση Απόστολος Οικονόμου.  
260 |a Αθήνα :   |b Στάχυ,   |c 1998.  
300 |a 283 σ. ;   |c 24 εκ.  
490 1 |a (Κοινωνικές επιστήμες   |v ; 14)  
500 |a Τίτλος πρωτοτύπου: Democracy against capitalism.  
504 |a Περιέχει βιβλιογραφία.  
650 0 0 |a Marxian economics. 
650 0 0 |a Capitalism. 
650 0 0 |a Democracy. 
650 0 0 |a Historical materialism. 
700 1 |a Οικονόμου, Απόστολος,  |e trl 
830 0 |a Κοινωνικές επιστήμες (Σαββάλας)  |v  ; 14 
852 |a INST  |b LESVOS  |e 20031024  |h 355.4 WOO  |p 005100031025  |q 005100031025  |t BK  |y 0 
852 |a INST  |b LESVOS  |e 20031024  |h 355.4 WOO  |p 005100031026  |q 005100031026  |t BK  |y 0 
852 |a INST  |b LESVOS  |e 20031024  |h 355.4 WOO  |p 005100031027  |q 005100031027  |t BK  |y 0 
852 |a INST  |b LESVOS  |e 20031024  |h 355.4 WOO  |p 005100031029  |q 005100031029  |t BK  |y 0 
852 |a INST  |b LESVOS  |e 20031024  |h 355.4 WOO  |p 005100031030  |q 005100031030  |t BK  |y 0 
901 |a BIBL1-2003-3 
909 |a Λ  |b 099508 
909 |a Λ  |b 099505 
909 |a Λ  |b 099506 
909 |a Λ  |b 099507 
909 |a Λ  |b 099509 
920 |a ΕΠΕΑΕΚ ΚΟΙΝΩΝΙΟΛΟΓΙΑΣ  |y Λέσβος  |z 2002-01 
970 |a ΧΡΙΣΤΟΦΑ  |b ΝΙΚΗ  |z 2003/10/24